Rappeurs Toon #2 - Statistiques

Statistiques générales
  • Ce quiz a été pris 99 fois
  • Le résultat moyen est 11 sur 16
Statistiques - réponses
Par images Réponse % Correct
Orelsan
96%
Kaaris
94%
Gambi
87%
Maes
84%
Kalash Criminel
79%
Gazo
72%
SDM
72%
Alonzo
71%
Bigflo & Oli
67%
Soolking
67%
Tiakola
63%
RK
57%
Soso Maness
54%
Niro
40%
TK
35%
Saïf
18%
Aucun quiz correspondant
Distribution des résultats
% des personnes avec chaque résultat
Percentile par nombre de réponses
Votre historique - résultats
Vous n’avez pas pris ce quiz